[Event "FRA-ch U12 Girls"]
[Site "Montlucon"]
[Date "2011.04.22"]
[Round "7"]
[White "Malferrari, Sofia"]
[Black "Aubert, Laurane"]
[Result "0-1"]
[WhiteElo "1606"]
[BlackElo "1420"]
[PlyCount "122"]
[EventDate "2011.04.17"]
[EventType "swiss"]
[EventRounds "9"]
[EventCountry "FRA"]
[SourceTitle "CBM 142 Extra"]
[Source "ChessBase"]
[SourceDate "2011.06.27"]
[SourceVersion "1"]
[SourceVersionDate "2011.06.27"]
[SourceQuality "1"]

1. e4 e5 2. f4 exf4 3. Nf3 d6 4. Bc4 g5 5. h4 f6 6. hxg5 fxg5 7. Bxg8 Rxg8 8. Rxh7 Be6 9. d4 Nd7 10. Nbd2 Bg7 11. c3 Qf6 12. Nb3 Qg6 13. Rh1 Qxe4+ 14. Kf2 Bf6 15. Re1 Qd5 16. c4 Qxc4 17. d5 Be5 18. dxe6 Qxe6 19. Nbd4 Qd5 20. Qb3 Qxb3 21. Nxb3 0-0-0 22. Bd2 Bxb2 23. Rab1 Bf6 24. Na5 Nc5 25. Kf1 Rh8 26. Ke2 Rde8+ 27. Kd1 Rxe1+ 28. Nxe1 Re8 29. Nc2 Re4 30. Bb4 Na4 31. Bd2 b6 32. Nc6 Kb7 33. Na5+ Ka8 34. Nb3 Bc3 35. Bc1 Bf6 36. Kd2 Re7 37. Nbd4 g4 38. Ba3 Rf7 39. Rf1 Bg5 40. Kd3 Nc5+ 41. Bxc5 dxc5 42. Ne6 Bh6 43. Rh1 Bg7 44. Rh7 Re7 45. Rxg7 Rxe6 46. Rxg4 Rd6+ 47. Kc3 Rf6 48. Na3 f3 49. gxf3 Rxf3+ 50. Kb2 Kb7 51. Nb5 a6 52. Nc3 b5 53. Nd5 Rf2+ 54. Ka3 Kc6 55. Ne7+ Kd7 56. Rg7 Ke6 57. Nc6 Kd6 58. Rg6+ Kd5 59. Ne7+ Kc4 60. Rxa6 b4+ 61. Ka4 Rxa2# 0-1